Analýza zmien spotreby slovenských domácností podľa štruktúry výdavkov bakalárska práca

Gespeichert in:
Bibliographische Detailangaben
1. Verfasser: Šulíková, Ivana
Körperschaft: Národohospodárska fakulta EU. Katedra hospodárskej politiky
Weitere Verfasser: Vincúr, Pavol
Format: Buch
Sprache:Slowakisch
Veröffentlicht: Bratislava 2009
Tags: Tag hinzufügen
Keine Tags, Fügen Sie das erste Tag hinzu!

MARC

LEADER 00000nam$a2200000$$$4500
001 0099106
005 20221025132624.5
041 0 |a slo 
044 |a SK 
245 1 0 |a Analýza zmien spotreby slovenských domácností podľa štruktúry výdavkov  |b bakalárska práca  |c Ivana Šulíková ; škol. Pavol Vincúr 
264 1 |a Bratislava  |c 2009 
300 |a 47 s. 
100 1 |a Šulíková, Ivana 
700 1 |a Vincúr, Pavol 
710 2 |a Národohospodárska fakulta EU. Katedra hospodárskej politiky